Adaptación de la vivienda existente a los estándares de la sustentabilidad por medios de autogestión : mejorías en el desempeño energético e hídrico, vivienda en Villa Belenes, Zapopan, 2014-2016 /

Gardado en:
Detalles Bibliográficos
Autor Principal: Orozco Carrillo, Guillermo (autor)
Formato: Tesis Libro
Idioma:Lingua castelá
Temas:
Acceso en liña:Ver documento en línea
Etiquetas: Engadir etiqueta
Sen Etiquetas, Sexa o primeiro en etiquetar este rexistro!

MARC

LEADER 00000nam^a2200000^a^4500
001 000392643
005 20251023000000.0
009 20260310121247.953
037 |a Acervo ITESO - Biblioteca 
041 |a ESP 
090 |a MPE. 22 
100 |a Orozco Carrillo, Guillermo  |e (autor) 
245 1 0 |a Adaptación de la vivienda existente a los estándares de la sustentabilidad por medios de autogestión :  |b mejorías en el desempeño energético e hídrico, vivienda en Villa Belenes, Zapopan, 2014-2016 /  |c G. Orozco Carrillo. 
264 |a Guadalajara, México :  |b edición de autor,  |c 2016 
300 |a 1 tesis electrónica en línea (251, [64] p.) 
300 |a 1 recurso en línea 
336 |a datos para computadora  |b cod  |2 rdacontenido 
337 |a computadora  |b c  |2 rdamedio 
338 |a recurso en línea  |b cr  |2 rdasoporte 
502 |a ITESO Tesis de Maestría en Proyectos y Edificación Sustentables 
649 |a XX 
650 |a Vivienda -  |z Zapopan, Jalisco -  |x Tema Principal 
650 |a Autogestión -  |z Zapopan, Jalisco 
650 |a Recursos Energéticos 
650 |a Instalaciones Hidráulicas 
650 |a Ecodiseño -  |x Tema Principal 
650 |a Diseño Arquitectónico 
650 |a Desarrollo Sustentable 
650 |a Arquitectura 
650 |a Urbanismo 
856 4 0 |u https://rei.iteso.mx/handle/11117/4242  |y Ver documento en línea 
910 |a Fondo General 
920 |a Electrónicos - Tesis del ITESO en Línea 
930 |a Repositorio Institucional 
905 |a 201 
901 |a 392643-1  |b IT2  |c ETI  |u 20250521 
902 |a https://opac.biblio.iteso.mx/vufind/Record/000392643